| 000 | 00447 a2200157 4500 | ||
|---|---|---|---|
| 005 | 20250624050854.0 | ||
| 020 | _a0-471-21473-6 | ||
| 082 | _a658.4 TOR | ||
| 100 | _aTOROK, M . R | ||
| 245 | _aOperational Profitability: Systematic Approaches for Continuous Improvement | ||
| 250 | _a2nd Ed. | ||
| 260 |
_aNew York _bJohn Wiley & Sons _c2002. |
||
| 300 |
_axvi,311p.: ill.; figures _bIndex _c27cm |
||
| 700 | _aPatrick J. Cordon | ||
| 942 |
_2ddc _cBKS |
||
| 999 |
_c4707 _d4707 |
||